ERASTO CORTES JUAREZ : (Registro nro. 44246)
[ vista simple ]
| 000 -LEADER | |
|---|---|
| fixed length control field | 00955nam a2200169 a 4500 |
| 001 - CONTROL NUMBER | |
| control field | 44246 |
| 005 - DATE AND TIME OF LATEST TRANSACTION | |
| control field | 20180714023031.0 |
| 008 - FIXED-LENGTH DATA ELEMENTS--GENERAL INFORMATION | |
| fixed length control field | 140415s1971 mx 000 0 spa d |
| 041 ## - LANGUAGE CODE | |
| Language code of text/sound track or separate title | spa |
| 082 ## - DEWEY DECIMAL CLASSIFICATION NUMBER | |
| Classification number | 759.972 |
| Item number | ERA |
| 245 00 - TITLE STATEMENT | |
| Title | ERASTO CORTES JUAREZ : |
| Remainder of title | OBRA RETROSPECTIVA DE GRABADO |
| 250 ## - EDITION STATEMENT | |
| Edition statement | 1a ed. |
| 260 ## - PUBLICATION, DISTRIBUTION, ETC. | |
| Place of publication, distribution, etc. | MEXICO : |
| Name of publisher, distributor, etc. | ACADEMIA DE ARTES, |
| Date of publication, distribution, etc. | 1971 |
| 300 ## - PHYSICAL DESCRIPTION | |
| Extent | 126 |
| Dimensions | x 15.5 x 22 |
| 520 ## - SUMMARY, ETC. | |
| Summary, etc. | CON MOTIVO DE LA RECEPCIÓN DEL GRABADO ERASTO CORTÉS JUÁREZ COMO MIEMBRO TITULAR Y DE NÚMERO DE LA ACADEMIA DE ARTES, FUE ORGANIZADA CON LA COLABORACIÓN DEL INSTITUTO NACIONAL DE BELLAS ARTES UNA EXPOSICIÓN DE SU OBRA EN LA SALA VERDE DEL PALACIO DE BELLAS ARTES, LA QUE EN PARTE FIGURA EN LA PRESENTE PUBLICACIÓN. EN EL SOLEMNE ACTO VERIFICADO EL 21 DE OCTUBRE DE 1970, EL NUEVO MIEMBRO PRESENTÓ COMO TRABAJO DE INGRESO EL ESTUDIO: DON JOSÉ MANZO Y JARAMILLO. ARTISTA PLÁSTICO. |
| 650 14 - SUBJECT ADDED ENTRY--TOPICAL TERM | |
| Topical term or geographic name entry element | ARTE MEXICANO |
| General subdivision | PINTURA MEXICANA |
| Withdrawn status | Lost status | Source of classification or shelving scheme | Damaged status | Not for loan | Collection code | Home library | Current library | Shelving location | Date acquired | Source of acquisition | Inventory number | Total Checkouts | Full call number | Barcode | Date last seen | Date last checked out | Price effective from | Koha item type |
|---|---|---|---|---|---|---|---|---|---|---|---|---|---|---|---|---|---|---|
| Dewey Decimal Classification | General | Biblioteca Karol Wojtyla | Biblioteca Karol Wojtyla | Sala general | 03/12/2013 | Compra | 151000000000000000023203 | 759.972 ERA | 66502 | 05/01/2026 | 09/09/2015 | 03/12/2013 | Libro |